2024年東京都知事選挙 立候補者 - Statistics

General Stats
  • This quiz has been taken 75 times
  • The average score is 10 of 56
Answer Stats
届出順 氏名 年齢 党派 職業 学歴 % Correct
5 小池百合子 71 無・現 東京都知事 カイロ大
95%
23 蓮舫 56 無・新 元参議院議員 青山学院大
81%
7 石丸伸二 41 無・新 前安芸高田市長 京大
77%
22 田母神俊雄 75 無・新 元航空幕僚長 防大
61%
12 ドクター・中松 96 無・新 発明家 東大
58%
17 後藤輝樹 41 諸派・新 政治団体代表・自営業 清水ケ丘高
53%
52 ひまそらあかね 41 無・新 作家
53%
15 AIメイヤー 51 諸派・新 会社社長・政治団体「AI党」党員
48%
26 石丸幸人 51 諸派・新 弁護士・医師 北里大
39%
11 桜井誠 52 諸派・新 政治団体「日本第一党」党首・作家 中間高
38%
13 安野貴博 33 無・新 IT合同会社代表社員・SF作家 東大
36%
25 内野愛里 31 諸派・新 飲食店経営 大東文化大
30%
56 アキノリ将軍未満 37 諸派・新 政治団体代表 東京国際大
27%
6 内海聡 49 諸派・新 内科医・作家・NPO法人理事長 筑波大
25%
14 清水国明 73 諸派・新 タレント 京都産大
25%
20 黒川敦彦 45 諸派・新 政治団体「つばさの党」代表投資会社役員 阪大
25%
18 河合悠祐 43 諸派・新 元草加市議 同志社大院
23%
42 横山緑 46 諸派・新 コメディアン
17%
21 桑島康文 62 諸派・新 医師・政治団体「核融合党」代表 東京医科歯科大
16%
30 福永活也 43 諸派・新 弁護士・不動産会社社長 関大法科大学院
13%
45 福原志瑠美 41 諸派・新 コンサルティング会社社長 有朋高
11%
2 沢繁実 47 無・新 映画プロデューサー 東工大院
9%
3 大和行男 46 無・新 児童精神科医 新潟大
9%
50 小林弘 49 無・新 建設会社社長 東京学館新潟高
9%
4 木宮光喜 71 諸派・新 政治団体「未来党」副代表 東大
8%
24 内藤久遠 67 無・新 元陸上自衛官 都立航空高専
6%
1 野間口翔 36 無・新 郵便局員 駒沢大中退
5%
9 新藤伸夫 75 諸派・新 政治団体代表 大阪市大院
5%
40 草尾敦 55 諸派・新 廃棄物処理会社役員 沼南高柳高
5%
47 三輪陽一 42 諸派・新 元航空自衛官
5%
8 小野寺紘毅 79 諸派・新 一般財団法人理事長 日大
3%
10 竹本秀之 68 無・新 投資家 阪大
3%
16 桑原真理子 50 諸派・新 IT関連会社員・政治団体党員
3%
27 尾関亜弓 43 諸派・新 美容サロン経営
3%
28 小松賢 36 諸派・新 IT会社経営 龍谷大
3%
29 加賀田卓志 47 諸派・新 広告会社社長・旅館運営会社専務 福岡工大
3%
33 遠藤信一 59 諸派・新 アルバイト 宇都宮商高
3%
38 山田信一 53 諸派・新 投資家 慶大中退
3%
43 前田太一 38 諸派・新 スポーツトレーナー 日大
3%
53 向後真徳 62 無・新 公認会計士 慶大
3%
55 古田真 77 諸派・新 政治団体代表 北大
3%
19 福本繁幸 57 無・新 レコード会社社長国立あんま指圧師養成施設
2%
32 武内隆 61 諸派・新 コンピューターメンテナンス会社員 大阪産大
2%
34 上楽宗之 45 諸派・新 ベビー用品中古販売会社社長 牛込商高
2%
35 二宮大造 53 諸派・新 タクシー運転手 足立新田高
2%
36 中江友哉 32 諸派・新 政治団体副党首 東洋大
2%
37 舟橋夢人 58 諸派・新 IT会社員 福岡工大
2%
39 加藤英明 65 諸派・新 コンサルタント会社代表 中京大
2%
41 津村大作 50 諸派・新 不動産会社社長 関学大
2%
44 南俊輔 39 諸派・新 アルバイト 成蹊大
2%
49 穂刈仁 57 無・新 広告プランナー 日大
2%
51 加藤健一郎 74 無・新 内科医 浜松医大
2%
54 牛窪信雄 51 無・新 一般社団法人理事長 小金井工高
2%
31 犬伏宏明 48 諸派・新 自転車販売会社社長 明石高
0%
46 木村嘉孝 49 諸派・新 IT会社員 愛知工大
0%
48 松尾芳治 46 諸派・新 自営業 新宮高
0%
No matching quizzes found
Score Distribution
Percent of People with Each Score
Percentile by Number Answered
Your Score History
You have not taken this quiz